01738nam a2200373Ia 4500001001200000003000800012006001900020007001500039008004100054010001700095020001500112020002800127040002100155035002000176050002700196100002000223245008800243260003900331300002300370490004900393504005100442505029700493533015200790650003900942650003900981650004701020650001901067650003901086655002901125710001701154830005001171856012601221999001701347ebr10081965CaPaEBRm u cr cn|||||||||021127s2003 maua sb 001 0 eng d z 2002043691 z1580536034 z158053337X (alk. paper) aCaPaEBRcCaPaEBR a(OCoLC)5300446114aQA76.9.F53bN34 2003eb1 aNagao, Katashi.10aDigital content annotation and transcodingh[electronic resource] /cKatashi Nagao. aBoston, MA :bArtech House,c2003. axv, 242 p. :bill.1 aArtech House digital audio and video library aIncludes bibliographical references and index.0 aIntroduction: survival in information deluge -- Transcoding: a technique to transform digital content -- Annotation: a technique to extend digital content -- Semantic annotation and transcoding: towards semantically sharable digital content -- Future directions of digital content technology. aElectronic reproduction.bPalo Alto, Calif. :cebrary,d2009.nAvailable via World Wide Web.nAccess may be limited to ebrary affiliated libraries. 0aFile processing (Computer science) 0aData structures (Computer science) 0aInformation storage and retrieval systems. 0aDigital media. 0aFile conversion (Computer science) 7aElectronic books.2local2 aebrary, Inc. 0aArtech House digital audio and video library.40uhttp://site.ebrary.com/lib/rucke/Doc?id=10081965zAn electronic book accessible through the World Wide Web; click to view c55123d55123